000 00295nam a22001337a 4500
008 181010b xxu||||| |||| 00| 0 eng d
020 _a9780072946734
041 _aeng
080 _a336
100 _a56
101 _aFIN
245 _aEssentials of Corporate Finance
_cRoss
942 _2udc
_cBK
999 _c49313
_d49313